| 000 | 00990nam2a2200229 4500 | ||
|---|---|---|---|
| 001 | rc\2857717 | ||
| 005 | 20260315070828.0 | ||
| 035 | _a(NLR Aleph) 007203648 | ||
| 090 |
_a13628396 _c13628396 |
||
| 100 | _a20110729d1939 u y0rusy50 ca | ||
| 101 | 0 | _arus | |
| 102 | _aRU | ||
| 105 | _ay z ||||| | ||
| 200 | 1 | _aВероятности, относящиеся к извлечению из двух урн с обменов извлеченных шаров | |
| 210 | _d1939 | ||
| 461 | 0 |
_1001rc\2857704 _12001#$aТруды ...$hСерия V-a$iМатематика. Вып. 1-$vВып. 21 _97645844 _aТашкентский университет им. В. И. Ленина _cТашкент _d1929 _hСерия V-a _iМатематика. Вып. 1- _nИзд-во Средне-Азиат. гос. ун-та _tТруды ... _vВып. 21 |
|
| 700 | 1 |
_aГостинский _bБ. |
|
| 801 | 0 |
_aRU _bNLR _gpsbo |
|
| 801 | 1 |
_aRU _bELAR _2rusmarc |
|
| 852 |
_aNLR _j32-19/113 |
||
| 942 | _cUNSPEC | ||
| 980 | _aNB | ||